Mathrubhumi year book: (Record no. 161063)

MARC details
000 -LEADER
fixed length control field 00541nam a22001937a 4500
003 - CONTROL NUMBER IDENTIFIER
control field OSt
020 ## - INTERNATIONAL STANDARD BOOK NUMBER
International Standard Book Number 9788182673601
082 ## - DEWEY DECIMAL CLASSIFICATION NUMBER
Classification number 001.2
Item number MAT/MA
245 ## - TITLE STATEMENT
Title Mathrubhumi year book:
Remainder of title knowledge& beyond
260 ## - PUBLICATION, DISTRIBUTION, ETC. (IMPRINT)
Place of publication, distribution, etc Kozhikode
Name of publisher, distributor, etc Mathrubhumi M M Press
Date of publication, distribution, etc 2018
300 ## - PHYSICAL DESCRIPTION
Extent 1025p.
546 ## - LANGUAGE
Language note English
650 ## - SUBJECT ADDED ENTRY--TOPICAL TERM
Topical term or geographic name as entry element climate change
650 ## - SUBJECT ADDED ENTRY--TOPICAL TERM
Topical term or geographic name as entry element agriculture& food security
650 ## - SUBJECT ADDED ENTRY--TOPICAL TERM
Topical term or geographic name as entry element vision 2025 demographic scenario of india
650 ## - SUBJECT ADDED ENTRY--TOPICAL TERM
Topical term or geographic name as entry element vision 2025 education in india
700 ## - ADDED ENTRY--PERSONAL NAME
Personal name vision 2025 health in india
942 ## - ADDED ENTRY ELEMENTS (KOHA)
Source of classification or shelving scheme Dewey Decimal Classification
Koha item type Reference Book
Holdings
Lost status Source of classification or shelving scheme Damaged status Not for loan Home library Current library Shelving location Date acquired Cost, normal purchase price Total Checkouts Full call number Barcode Date last seen Koha item type
  Dewey Decimal Classification   Not For Loan KAU Central Library, Thrissur KAU Central Library, Thrissur Reference 25/06/2018 300.00   001.2 MAT/MA 227910 25/06/2018 Reference Book
Kerala Agricultural University Central Library
Thrissur-(Dt.), Kerala Pin:- 680656, India
Ph : (+91)(487) 2372219
E-mail: librarian@kau.in
Website: http://library.kau.in/